00589nam a2200181Ia 450000500170000000800410001704000190005804100120007708200200008924500780010926000440018730000140023150400610024565000190030665100430032570000290036885000100039720230110110830.0131103s9999 xx 000 0 und d aLoreto College aEnglish a821.4bDRY- SCH aDrydenb a collections of critical essays cedited by Bernard N.Schilling aEnglewood CliffsbPrentice - Hallc1963 av,186 p.  aIncludes notes,chronology and bibliographical references aEnglish Poetry a17th century poet - Dryden - Criticism aSchilling,Bernard N.,ed. aLCLIB